000 00274nam a2200109Ia 4500
008 230320s9999||||xx |||||||||||||| ||spa||
082 _a268.433/P54
100 _aPiédrola Sala, Eduardo
245 0 _aReligión Y Moral Católica 2 :
260 _bEdel vives
942 _80
_cLIB
999 _c51020
_d51020